000 00710nam a22002057a 4500
999 _c13828
_d13828
003 AR-CdUCM
008 190416b ||||| |||| 00| 0 spa d
040 _aMUNICIPALIDAD PROVINCIAL DEL CUSCO
_cBIBLIOTECA MUNICIPAL DEL CUSCO
082 _aC / 333..095 /
_bN94
100 _aNuñez Anavitarte, Carlos
_97771
245 _aLas relaciones de producción y la moral en la sociedad inca /
260 _aCuzco :
_bH. G. Rosas S A,
_c1959.
300 _a29 páginas ;
_c25 cm.
505 _aContenido : Introducción -- La moral en la sociedad inca ,,,
650 _aRelaciones
_932387
650 _aProducción
_91785
650 _aSociedad inca
_916390
942 _2ddc
_cLIBROS
945 _arah
_d16/04/2019